Vladimír Franz
| Titel: | Vladimír Franz : rozhovory / Petr Kurka |
|---|---|
| Verfasser: | |
| Beteiligt: | |
| Ausgabe: | Vyd. 1. |
| Veröffentlicht: | Praha : Orpheus, 2004 |
| Umfang: | 235 S. : Ill. |
| Format: | Buch |
| Sprache: | Tschechisch |
| Schriftenreihe/ mehrbändiges Werk: |
Rozhovory ; 1 |
| ISBN: | 8090331033 |
| Hinweise zum Inhalt: |
Inhaltsverzeichnis
|
alg: 18021992 001A $03004:08-08-06 001B $01999:26-05-23 $t21:35:00.000 001C $03004:08-08-06 $t15:25:51.000 001D $03004:08-08-06 001U $0utf8 001X $00 002@ $0Aau 003@ $0180219928 003O $060497283 $aOCoLC 004A $080-903310-3-3 007A $0180219928 $aHEB 007G $0DE0201839F9B97EE34D5EC1257CAC002D842A 007T $0Herdhh180219928 009P $qapplication/pdf $A2 $3Inhaltsverzeichnis $uhttp://scans.hebis.de/HEBCGI/show.pl?18021992_toc.pdf $mV:DE-603;B:DE-Mb50 010@ $acze 011@ $a2004 021A $aVladimír Franz $drozhovory $hPetr Kurka 028A $7131959069 $8Kůrka, Petr$Z1975- [Tp3] $9180219790 028B/01 $7122509218 $8Franz, Vladimír$Z1959- [Tp1] $9094556822 032@ $aVyd. 1. 033A $pPraha $nOrpheus 034D $a235 S. 034M $aIll. 036E $aRozhovory $l1 036F $x11 $8Rozhovory $9180219898 $l1 045F $a780.94371 $eDDC23BSB 045F/01 $a780 045F/03 $g4371 045G $a709.4371 $eDDC23BSB 045G/01 $a709 045G/03 $g4371 046M $aZsfassung in engl. und dt. Sprache lok: 18021992 24 101B $026-10-06 $t14:37:15.000 101C $026-10-06 145Z/01 $a23 9 H 145Z/02 $a23 9 F 145Z/03 $a2 F 825 101U $0utf8 exp: 18021992 24 1 #EPN 201B/01 $009-05-12 $t11:43:01.000 201C/01 $008-08-06 201U/01 $0utf8 203@/01 $0435330357 208@/01 $a26-10-06 $bz 209A/01 $a06.3714 $du $f050 $h06 3714 $x00 209C/01 $a06.3714 K $h06 3714 K 209G/01 $a71034607 $x00 220C/01 $akon 244Z/01 $7122509218 $8--Tp1--Franz, Vladimír$Z1959- $x01 $9094556822 247C/01 $8358050-7Marburg, Bibliothek des Herder-Instituts Marburg $9102600961 lok: 18021992 78 exp: 18021992 78 1 #EPN 201B/01 $019-04-17 $t20:20:58.000 201U/01 $0utf8 203@/01 $0792897765 208@/01 $a12-11-16 $be 209A/01 $a/ $f000 $x00 237A/01 $aweiterführende Signatur(en): Herder-Institut: 06.3714 244Z/01 $2Trx $8--Trx--Monographie $x01 $9391384546 247C/01 $82080>Marburg/Lahn, Herder-Institut, Forschungsbibliothek, Bibliographieportal $9336309341
| LEADER | 00000cam a2200000 c 4500 | ||
|---|---|---|---|
| 001 | 180219928 | ||
| 003 | DE-603 | ||
| 005 | 20230526213500.0 | ||
| 007 | tu | ||
| 008 | 060808s2004 xx |||| | u00||u|cze c | ||
| 020 | |a 8090331033 | ||
| 035 | |a (DE-599)HEB180219928 | ||
| 035 | |a (OCoLC)60497283 | ||
| 040 | |a DE-603 |b ger |c DE-603 |d DE-603 | ||
| 041 | |a cze | ||
| 082 | 0 | 4 | |8 1\u |a 780.94371 |q DE-101 |2 23/BSB |
| 083 | 0 | |8 2\u |a 709.4371 |q DE-101 |2 23/BSB | |
| 085 | |8 1\u |b 780 | ||
| 085 | |8 1\u |z 2 |s 4371 | ||
| 085 | |8 2\u |b 709 | ||
| 085 | |8 2\u |z 2 |s 4371 | ||
| 100 | 1 | |a Kůrka, Petr |d 1975- |0 (DE-603)180219790 |0 (DE-588)131959069 |2 gnd | |
| 245 | 0 | 0 | |a Vladimír Franz |b rozhovory |c Petr Kurka |
| 250 | |a Vyd. 1. | ||
| 264 | 1 | |a Praha |b Orpheus |c 2004 | |
| 300 | |a 235 S. |b Ill. | ||
| 490 | 1 | |a Rozhovory |v 1 | |
| 500 | |a Zsfassung in engl. und dt. Sprache | ||
| 700 | 1 | |a Franz, Vladimír |d 1959- |0 (DE-603)094556822 |0 (DE-588)122509218 |2 gnd | |
| 830 | 0 | |t Rozhovory |v 1 |w (DE-603)180219898 |w (DE-600)2207820-4 |9 11 |7 as | |
| 856 | 4 | 2 | |m V:DE-603;B:DE-Mb50 |q application/pdf |u http://scans.hebis.de/HEBCGI/show.pl?18021992_toc.pdf |3 Inhaltsverzeichnis |
| 924 | 0 | |9 Mb 50 |a (DE-603)435330357 |b DE-Mb50 |c HES |d c |g 06.3714 | |
| 924 | 0 | |9 2080 |a (DE-603)792897765 |b DE-2080 |c HES |d d |g / | |


